| 000 | 00506nmm a2200157Ia 4500 | ||
|---|---|---|---|
| 008 | 251105s9999||||xx |||||||||||||||||und|| | ||
| 041 | _aspa | ||
| 100 | _aLafaye, Jacques | ||
| 245 | 0 |
_aPor amor al griego : _b La nación europea, señorío humanista (siglos XIV-XVII) |
|
| 264 |
_a[México D.C., Mexico] : _bFondo de Cultura Económica, _c2016 |
||
| 300 | _a477 páginas | ||
| 490 | _aHistoria | ||
| 650 | _aPhilosophy, Ethics | ||
| 856 | _uhttps://public.digitaliapublishing.com/a/64950 | ||
| 942 | _cCF | ||
| 999 |
_c99492 _d99492 |
||